000 00797nam a22002537a 4500
001 BR8202061
003 BR-BrBNA
005 20250131135820.0
007 ta
008 230509b bl.||||| |||| 00| 0 por d
040 _aBR-BrBNA
_bpor
_cBiblioteca Nacional de Agricultura
041 _a(Eng, Por)
072 _aE70
_b2110
100 1 _aTeixeira, M.P. de G.
100 1 _aWilhelms, M.A.
110 1 _aComissao Executiva do Plano da Lavoura Cacaueira, Brasilia, DF (Brasil). Secretaria Geral
_92103
245 1 _aGlossario de termos do mercado de cacau [Theobroma cacao]
260 3 _aBrasilia, DF (Brasil):
_c1982.
300 _a48 p.
650 _aCACAU
650 _aMERCADO
856 _uhttps://repositorio-dspace.agricultura.gov.br/bitstream/1/872/1/BR8202061.pdf
942 _cBK
_2AGRIS
999 _c33274
_d33274